000
00218 a2200097 4500
000
nam a22 7a 4500
005
20260302141955.0
100
_a
Das, Gurcharan
_9
1114712
245
_a
India Unbound
942
_c
TEXL
999
_c
1688393
_d
1688393